000 00489nam a2200181Ia 4500
003 GCL
008 140319s9999 xx 000 0 eng d
040 _aGCL /
_cGCL
082 0 4 _a621.34
_bH P
100 1 _aHORTON, WILLIAM F.
245 1 0 _aPOWER FREQUENCY MAGNETIC FIELDS AND PUBLIC HEALTH /
_cHORTON, WILLIAM F.
700 1 _aGOLDBERG, SAUL
260 _a[S.N] :
_bCRC PRESS ،
_c1995
300 _a276 P
650 0 4 _aPUBLIC HEALTH
650 0 4 _aMAGNETIC FIELDS
942 _2ddc
_cBK
999 _c11357
_d11357